000 00295nam a2200133 i 4500
001 bg
100 1 _aTHEIL, Henri
245 0 _aZasady ekonometrii /
_cHenri Theil.
260 _aWarszawa,
_c1979.
040 _cBPK
041 _apol
942 _cKS
008 s pl f |000 0 pol
999 _c18841
_d18841
856 _uhttp://koha.tu.koszalin.pl/cgi-bin/koha/opac-detail.pl?biblionumber=18841
_yKatalog online BPK